banner-ar

PROCEDINGS OF THE FIRST INTERNANATIONAL SYMPOSIUM FOR THE HISTORY OF ARAIC SCIENCE ,APR / (Record no. 10675)

MARC details
000 -الفاتح
حقل البيانات ثابتة الطول 00611nam a2200205Ia 4500
008 - عناصر البيانات ثابتة الطول - معلومات عامة
حقل البيانات ثابتة الطول 140319s9999 xx 000 0 eng d
040 ## - مصدر الفهرسة
وكالة الفهرسة الأصلية GCL /
وكالة النسخ GCL
082 04 - رقم تصنيف ديوى العشرى
رقم التصنيف 809.93356
رقم المادة A P
100 1# - المدخل الرئيسى - إسم شخصى
الإسم الشخصى AL-HASSAN.AHMAD
245 10 - بيان العنوان
العنوان PROCEDINGS OF THE FIRST INTERNANATIONAL SYMPOSIUM FOR THE HISTORY OF ARAIC SCIENCE ,APR /
بيان المسئوليه,etc AL-HASSAN.AHMAD
700 1# - المدخل الاضافى - اسم شخصى
الإسم الشخصى KARMI, GHADA
700 1# - المدخل الاضافى - اسم شخصى
الإسم الشخصى NAMNUN, NIZAR
650 04 - المدخل الاضافى بالموضوع-مصطلح موضوعى
مصطلح موضوعي CONFERENCE PROCEEDINGS
650 04 - المدخل الاضافى بالموضوع-مصطلح موضوعى
مصطلح موضوعي HISTORY
650 04 - المدخل الاضافى بالموضوع-مصطلح موضوعى
مصطلح موضوعي CONFERENCES
650 04 - المدخل الاضافى بالموضوع-مصطلح موضوعى
مصطلح موضوعي ARAB - SCIENCE
942 ## - عناصر المدخل الإضافي( كوها)
مصدر التصنيف او مخطط الترفيف Dewey Decimal Classification
Koha [default] item type كتاب
260 ## - PUBLICATION, DISTRIBUTION, ETC. (IMPRINT)
-- [S.N] :
-- INSTITUTE FOR THE HISTORY OF ARABIC SCIE
Holdings
حالة التراجع حالة الفقد حالة تلف ليس للاعارة المكان المؤقت الموقع الحالى تاريخ الاكتساب اجمالي اﻻعارات رقم الطلب الباركود تاريخ اخر مشاهدة تاريخ تفعيل السعر نوع وعاء كوها
        مكتبة القاهرة الكبرى مكتبة القاهرة الكبرى 03/26/2014   809.93356\A P 21498 03/26/2014 03/26/2014 كتاب
        مكتبة القاهرة الكبرى مكتبة القاهرة الكبرى 03/26/2014   809.93356\A P 21499 03/26/2014 03/26/2014 كتاب
        مكتبة القاهرة الكبرى مكتبة القاهرة الكبرى 03/26/2014   809.93356\A P 21500 03/26/2014 03/26/2014 كتاب
        مكتبة القاهرة الكبرى مكتبة القاهرة الكبرى 03/26/2014   809.93356\A P 21501 03/26/2014 03/26/2014 كتاب
        مكتبة القاهرة الكبرى مكتبة القاهرة الكبرى 03/26/2014   809.93356\A P 21502 03/26/2014 03/26/2014 كتاب

Powered By

EGPV